| 000 | 00409pab a2200169 454500 | ||
|---|---|---|---|
| 008 | 180718b2017 xxu||||| |||| 00| 0 eng d | ||
| 100 | _aTyagi, Anju | ||
| 245 | _aLegal reform relating to women via judicial activism | ||
| 260 | _c2017 | ||
| 300 | _ap.68-74. | ||
| 362 | _a9 Jan | ||
| 650 | _aLegal procedure | ||
| 650 | _aJudiciary | ||
| 650 | _aWomen | ||
| 773 | _aUniversity News | ||
| 909 | _a113439 | ||
| 999 |
_c113434 _d113434 |
||